01484cam a2200313 i 450000500170000000800410001702000150005804000320007304100080010504200080011304300120012108200230013310000230015624501960017924600410037526001120041630000600052850400420058865000240063065000530065465000420070765000220074965000510077171000820082271000670090494200150097199900170098695201670100320160217102103.0030609s2003 dcuab b f001 0 eng  a0974283304 aDLCcDLCdDLCdDLCCO-BoIAVH0 aeng apcc af-cm---04a582.16096711bT45t1 aThomas, Duncan. W.10aTree species of southwestern Cameroon :btree distribution maps, diameter tables, and species documentation of the 50-hectare Korup Forest Dynamics Plot /cD.W. Thomas y (otros seis autores).18aKorup Forest Dynamics Plot, Cameroon a[Washington] :bCenter for Tropical Forest Science of the Smithsonian Tropical Research Institute ;cc2003. axviii, 247 páginas :bilustraciones y mapas ;c28 cm. aIncluye referencias bibliográficas.24aÁrboleszCamerun.24aÁrbolesxDistribución geográficazCamerun.14aÁrbolesxIdentificaciónzCamerun.24aBosqueszCamerun.24aDiversidad biológicazDiversidad biológica2 aSmithsonian Tropical Research Institute.bCenter for Tropical Forest Science.2 aBioresources Development and Conservation Programme (Cameroon) 2ddccLIBRO c18138d18138 00102ddc40708GENERALIINV2017aBogotabBogotad2016-02-17eInstitutog39000.00l0oLB-582.16096711 T45tp042243r2016-02-17 00:00:00tEj. 1w2016-02-17yLIBRO